000 00723cam a2200229 a 4500
001 000002120
005 20200929145836.0
008 790410s1977 cu ab b 001 0 spa
040 _aDO-SdBNP
_bspa
_cBNPHU
082 _a972.91
_bP592d, 1977
100 1 _aPichardo Viñals, Hortensia,
_d1904-
_96802
245 1 0 _aDocumentos para la historia de Cuba /
_cHortensia Pichardo.
250 _a4a ed. rev.
260 _aLa Habana :
_bDe Ciencias Sociales,
_c1977.
300 _av. :
_bil., mapas ;
_c23 cm.
651 4 _aCuba
_xHistoria
_y1810-1899
_xFuentes
_96803
651 4 _aCuba
_xPoblación
_96804
651 4 _aCuba
_xDescripción
_96805
651 4 _aCuba
_xHistoria
_9493
910 _aCatalogación derivada
910 _aWM
999 _c1976
_d1976